La canzone del sole, Lucio Battisti - Testo Completo - Statistics

Statistiche generali
  • Questo quiz è stato fatto 43 volte
  • Il punteggio medio è 261 su 340
Statistiche sulle risposte
Testo % Corretto
a
100%
d'
100%
e
100%
E
100%
è
100%
l'
100%
Le
100%
le
100%
o
100%
tu
100%
Tu
100%
no,
97%
no
97%
in
94%
Ma
94%
occhi
94%
gli
91%
Gli
91%
bionde
88%
Di
88%
di
88%
ne'
88%
non
88%
Non
88%
rosse
88%
Se
88%
so
88%
trecce
88%
tue
88%
Un
88%
Una
88%
una
88%
la
85%
La
85%
lo
85%
mare
85%
Mi
85%
nero,
85%
noi
85%
Noi
85%
oh
85%
Oh
85%
poi
85%
tuo
85%
azzurri
82%
chi
82%
donna,
82%
donna
82%
gote
82%
innocenza
82%
me
82%
ormai"
82%
più
82%
Più
82%
"Sono
82%
sono
82%
Sono
82%
sulle
82%
tuoi
82%
tuoi?
82%
ancor
79%
arance
79%
calzette
79%
Cos'
79%
Cosa
79%
Due
79%
due
79%
eri
79%
sei
79%
sei,
79%
ti
79%
Ti
79%
trasparente
79%
che
76%
Che
76%
come
76%
dir
76%
hai
76%
paura
76%
Per
76%
vuol
76%
dove
73%
Dove
73%
il
73%
Il
73%
mai?
73%
sai
73%
si
73%
buia
70%
cantina
70%
dimmi
70%
facendo
70%
fatto
70%
piano
70%
ricordi
70%
stai
70%
stata?
70%
hanno
67%
quante
67%
quel
67%
Respiravamo
67%
acqua
64%
all'
64%
braccia
64%
dei
64%
dirai
64%
fondo
64%
Io
64%
rispondo
64%
stretto
64%
chiaro
61%
chiedi,
61%
colore
61%
diventar
61%
eco
61%
Purtroppo
61%
purtroppo
61%
sole
61%
tanto
61%
fai
58%
fra
58%
importa
58%
mano
58%
oramai,
58%
risa
58%
silenzio
58%
verde
58%
ferma
55%
notte
55%
prego
55%
accesa
52%
agli
52%
ancora
52%
bianco
52%
biciclette
52%
corse
52%
dalla
52%
fiamma
52%
improvviso
52%
rocce
52%
sguardo
52%
sicuro
52%
sorriso
52%
spenta
52%
abbandonate
48%
allegro
48%
amore
48%
bocca
48%
conosco
48%
distesi
48%
fiore
48%
ombra
48%
prato
48%
può
48%
sopra
48%
strano
48%
tutto
48%
luce
45%
rimasto
45%
sembra
45%
cade
42%
cespugli
42%
fantasmi
42%
intorno
42%
onde
42%
quando
42%
servire
42%
alberi
39%
grandi
39%
ombre
39%
pieni
39%
sorge
39%
spruzzi
39%
diffonde
36%
nella
36%
Nessun quiz corrispondente trovato
Distribuzione punteggi
Percentuale di utenti per punteggio
Percentile per numero di risposta
I tuoi punteggi nel tempo
Non hai fatto questo quiz